THE JOURNAL OF PATHOLOGY (Record no. 19210)

MARC details
000 -LEADER
fixed length control field 00198nam a22000977a 4500
003 - CONTROL NUMBER IDENTIFIER
control field SGT
245 ## - TITLE STATEMENT
Title THE JOURNAL OF PATHOLOGY
260 ## - PUBLICATION, DISTRIBUTION, ETC. (IMPRINT)
Name of publisher, distributor, etc LONDON WILEY INTER
Year of Publication 2003
300 ## - PAGE DESCRIPTION
No. of Pages 541
942 ## - ADDED ENTRY ELEMENTS (KOHA)
Source of classification or shelving scheme Dewey Decimal Classification
Koha item type Back Volumes
Holdings
Withdrawn status Lost status Source of classification or shelving scheme Damaged status Not for loan Collection code Home library Current library Shelving location Date acquired Volume Information (Serial or Books or Non-Book Material) SGTU Total Checkouts Accession No. (Barcode) Date last seen Bill Date Koha item type
    Dewey Decimal Classification   Not For Loan MEDICAL SGT Medical Library SGT Medical Library Reference Book 25/09/2019 2003, VOL- 199 SGTU   PM48 25/09/2019 25/09/2019 Back Volumes